000
00331 a2200157 4500
001
164289
020
_a
040
_c
Magnum
100
_a
Wenceslau, Oswaldo
240
1
0
_a
Na terra do bicho-homem
_l
por
245
1
0
_a
Na terra do bicho-homem
300
_a
62
362
0
_a
1992
697
_a
LITERATURA JUVENIL
942
_c
BK
999
_c
164289
_d
164289